000 00292nam a2200121 i 4500
001 bg
245 0 _aXXVI Zjazd Fizyków Polskich.
_nT. 3,
_pFizyka jądra atomowego.
260 _aToruń,
_c1979.
040 _cBPK
041 _apol
942 _cKS
008 s pl f |000 0 pol
999 _c20565
_d20565
856 _uhttp://koha.tu.koszalin.pl/cgi-bin/koha/opac-detail.pl?biblionumber=20565
_yKatalog online BPK